Simpsons - Statistics

Estatísticas Gerais
  • Esse quiz foi jogado 152 vezes
  • A pontuação média é 8 de 15
Estatísticas das Respostas
Hint Resposta % Correto
No desenho animado Homer Simpson trabalhava aonde? Usina Nuclear de Springfield
94%
Qual o nome da cidade onde os Simpsons moram? Springfield
92%
Quantos anos maggie tem? 1
86%
Quantos anos Bart tem? 10
79%
Quantas temporadas o desenho Simpsons tem? 33
78%
Qual das irmãs de Marge tem uma filha? Selma
71%
Quantos anos Marge tem? 34
70%
Quem que gosta muito da lisa? Milhouse
67%
Quantos anos Homer tem? 36
66%
Como se chama a marca de refrigerante que o Bart toma no desenho? Buzz Coca-Cola
25%
Ling Bouvier é de qual pais? China
25%
Qual o nome da menina que Selma, irmã de Marge, tem? Ling Bouvier
20%
Qual era o nome do cachorro de estimação dos Simpsons? Ajudante do Pai Natal
9%
Qual a profissão de Homer? Técnico em segurança nuclear
9%
No desenho animado Lisa Simpson era uma garota? Estudiosa
5%
Nenhum quiz correspondente encontrado
Distribuição das Pontuações
Porcentagem de Pessoas com Cada Pontuação
Percentil de Números Respondidos
Sua Pontuação Histórica
Você não jogou esse quiz